| 000 | 00454pab a2200169 454500 | ||
|---|---|---|---|
| 008 | 180718b2011 xxu||||| |||| 00| 0 eng d | ||
| 100 | _aPalcic, Donal | ||
| 245 | _aPrivatization, employee share ownership and governance: The case of EIRCOM | ||
| 260 | _c2011 | ||
| 300 | _ap.437-454. | ||
| 362 | _aDec | ||
| 650 | _aPrivatization | ||
| 700 | _aReeves, Eoin | ||
| 773 | _aAnnals of Public and Cooperative Economics | ||
| 908 | _aN | ||
| 909 | _a94295 | ||
| 999 |
_c94295 _d94295 |
||